| 000 | 00731nam a22002177a 4500 | ||
|---|---|---|---|
| 003 | OSt | ||
| 005 | 20260216103205.0 | ||
| 008 | 160222b xxu||||| |||| 00| 0 eng d | ||
| 020 | _a05-735-2007-1 | ||
| 024 | _205-735-2007-1 | ||
| 040 | _cLahore University of Management Sciences | ||
| 082 | _a174.4 LUM 2007 | ||
| 100 |
_aNaim Sipra _9133213 |
||
| 245 |
_aAIDS AWARENESS SOCIETY (AAS), LAHORE _cNaim Sipra |
||
| 260 |
_aLahore _bLahore University of Management Sciences _c2007 |
||
| 300 |
_a32 p. _bPapers |
||
| 440 |
_aAIDS AWARENESS SOCIETY (AAS), LAHORE _9133214 |
||
| 590 | _6http://10.250.8.41:8080/xmlui/handle/123456789/56773 | ||
| 856 | _uhttp://10.250.8.41:8080/xmlui/handle/123456789/56773 | ||
| 942 |
_2ddc _cCS |
||
| 999 |
_c351187 _d351187 |
||